[Event "MSR2018s4"]
[Site "?"]
[Date "2018.04.23"]
[Round "4.1"]
[White "Mederlyova, Beata"]
[Black "Valentova, Sophia"]
[Result "1-0"]
[BlackElo "1000"]
[WhiteElo "1000"]
[LiveChessVersion "1.4.8"]

1. e4 {[%clk 1:30:57]} e5 {[%clk 1:30:51]} 2. Nf3 {[%clk 1:31:23]} Nc6
{[%clk 1:31:01]} 3. Bc4 {[%clk 1:31:48]} Nf6 {[%clk 1:30:43]} 4. O-O
{[%clk 1:32:08]} Bc5 {[%clk 1:30:50]} 5. Nc3 {[%clk 1:32:29]} Nxe4
{[%clk 1:30:55]} 6. Nxe5 {[%clk 1:31:20]} Bxf2+ {[%clk 1:30:38]} 7. Rxf2
{[%clk 1:31:23]} Nxf2 {[%clk 1:30:56]} 8. Kxf2 {[%clk 1:31:19]} Nxe5
{[%clk 1:30:45]} 9. Qe1 {[%clk 1:30:56]} d6 {[%clk 1:30:36]} 10. Kg1
{[%clk 1:30:54]} Qe7 {[%clk 1:30:34]} 11. d4 {[%clk 1:30:34]} Ng6
{[%clk 1:30:05]} 12. Qf1 {[%clk 1:30:33]} Bf5 {[%clk 1:29:58]} 13. Qxf5
{[%clk 1:29:02]} Qf6 {[%clk 1:29:08]} 14. Qe4+ Qe7 15. Qg4 h5 {[%clk 1:27:55]}
16. Qg3 {[%clk 1:29:12]} h4 {[%clk 1:27:41]} 17. Qg4 {[%clk 1:28:45]} Qe1+ 18.
Bf1 c5 {[%clk 1:25:13]} 19. dxc5 {[%clk 1:29:07]} Rf8 {[%clk 1:24:42]} 20. cxd6
{[%clk 1:28:03]} Ne5 {[%clk 1:24:02]} 21. Qxg7 {[%clk 1:27:31]} Nc4
{[%clk 1:23:32]} 22. b3 {[%clk 1:27:43]} Nd2 {[%clk 1:23:24]} 23. Bxd2
{[%clk 1:25:20]} Qxa1 {[%clk 1:22:45]} 24. Qe5+ {[%clk 1:25:47]} Kd7
{[%clk 1:22:22]} 25. Qe7+ {[%clk 1:26:08]} Kc6 26. Qc7# 1-0

[Event "MSR2018s4"]
[Site "?"]
[Date "2018.04.23"]
[Round "4.2"]
[White "Cukerova, Livia"]
[Black "Magdova, Lucia"]
[Result "1-0"]
[BlackElo "1000"]
[WhiteElo "1000"]
[LiveChessVersion "1.4.8"]

1. e4 {[%clk 1:30:54]} e5 {[%clk 1:30:11]} 2. Nf3 {[%clk 1:30:28]} Bc5 3. d4
{[%clk 1:31:30]} Bd6 {[%clk 1:28:20]} 4. dxe5 {[%clk 1:30:53]} Bc5
{[%clk 1:27:11]} 5. Bc4 {[%clk 1:29:14]} Nc6 {[%clk 1:26:50]} 6. Nc3
{[%clk 1:28:30]} d6 {[%clk 1:25:24]} 7. exd6 {[%clk 1:27:30]} cxd6
{[%clk 1:24:49]} 8. Bf4 {[%clk 1:26:24]} Bg4 {[%clk 1:23:26]} 9. h3
{[%clk 1:23:37]} Bxf3 {[%clk 1:23:01]} 10. Qxf3 {[%clk 1:23:24]} Nf6
{[%clk 1:22:39]} 11. O-O-O {[%clk 1:19:53]} O-O {[%clk 1:22:36]} 12. e5
{[%clk 1:19:16]} dxe5 {[%clk 1:22:01]} 13. Rxd8 {[%clk 1:19:33]} Rfxd8
{[%clk 1:20:37]} 14. Bg5 {[%clk 1:18:05]} h6 {[%clk 1:20:34]} 15. Bxf6
{[%clk 1:17:14]} gxf6 {[%clk 1:20:33]} 16. Qh5 {[%clk 1:15:15]} Kh8
{[%clk 1:20:12]} 17. Qxh6+ {[%clk 1:14:55]} Kg8 18. Qg6+ {[%clk 1:15:12]} Kf8
{[%clk 1:18:45]} 19. Qxf7# {[%clk 1:15:12]} 1-0

[Event "MSR2018s4"]
[Site "?"]
[Date "2018.04.23"]
[Round "4.3"]
[White "Marcinkova, Lydia"]
[Black "Paverova, Barbora"]
[Result "1/2-1/2"]
[BlackElo "1000"]
[WhiteElo "1000"]
[LiveChessVersion "1.4.8"]

1. e4 {[%clk 1:30:56]} e5 {[%clk 1:30:28]} 2. Nf3 {[%clk 1:31:22]} Nc6
{[%clk 1:30:23]} 3. Bc4 {[%clk 1:31:29]} Nf6 {[%clk 1:29:31]} 4. d4
{[%clk 1:31:07]} exd4 {[%clk 1:25:26]} 5. Nxd4 {[%clk 1:31:35]} Bc5
{[%clk 1:20:52]} 6. c3 {[%clk 1:29:39]} O-O {[%clk 1:18:11]} 7. Bg5
{[%clk 1:29:59]} h6 {[%clk 1:17:28]} 8. Bxf6 {[%clk 1:30:15]} Qxf6
{[%clk 1:14:52]} 9. Nf5 {[%clk 1:30:44]} Re8 {[%clk 1:14:17]} 10. O-O
{[%clk 1:30:39]} d6 {[%clk 1:12:35]} 11. Qg4 {[%clk 1:27:16]} Qg6
{[%clk 1:11:12]} 12. Nxh6+ {[%clk 1:27:46]} Kf8 {[%clk 1:10:27]} 13. Bxf7
{[%clk 1:27:20]} Bxg4 {[%clk 1:09:01]} 14. Bxg6 {[%clk 1:27:38]} Re6
{[%clk 1:05:08]} 15. Nxg4 {[%clk 1:28:06]} Rxg6 {[%clk 1:04:18]} 16. h3
{[%clk 1:28:33]} 1/2-1/2

[Event "MSR2018s4"]
[Site "?"]
[Date "2018.04.23"]
[Round "4.4"]
[White "Durovka, Marek"]
[Black "Roman, Jakub"]
[Result "1-0"]
[BlackElo "1000"]
[WhiteElo "1000"]
[LiveChessVersion "1.4.8"]

1. Nf3 {[%clk 1:30:56]} d5 {[%clk 1:30:53]} 2. c4 {[%clk 1:31:03]} c6
{[%clk 1:31:01]} 3. d4 {[%clk 1:29:30]} Bf5 {[%clk 1:31:12]} 4. Nc3
{[%clk 1:28:38]} Nf6 {[%clk 1:31:14]} 5. Bf4 {[%clk 1:27:51]} e6 {[%clk 1:31:26]}
6. c5 {[%clk 1:24:13]} Be7 {[%clk 1:31:22]} 7. e3 {[%clk 1:23:42]} Nbd7
{[%clk 1:31:36]} 8. Be2 {[%clk 1:22:30]} O-O {[%clk 1:30:51]} 9. O-O
{[%clk 1:22:53]} Nh5 {[%clk 1:29:08]} 10. Bg3 {[%clk 1:22:29]} Ndf6
{[%clk 1:28:13]} 11. Ne5 {[%clk 1:21:25]} Nxg3 {[%clk 1:26:18]} 12. hxg3
{[%clk 1:20:46]} Ne4 {[%clk 1:25:58]} 13. Bd3 {[%clk 1:16:50]} Nxc3
{[%clk 1:25:50]} 14. bxc3 {[%clk 1:17:15]} Bxd3 15. Nxd3 {[%clk 1:16:49]} b6
{[%clk 1:25:26]} 16. Qa4 {[%clk 1:13:23]} Qc7 {[%clk 1:23:33]} 17. Ne5
{[%clk 1:12:23]} Rfc8 {[%clk 1:22:24]} 18. Qb4 {[%clk 1:10:06]} a5
{[%clk 1:22:30]} 19. Qxb6 {[%clk 1:09:06]} Qxb6 {[%clk 1:22:28]} 20. cxb6
{[%clk 1:09:21]} Rcb8 {[%clk 1:22:30]} 21. Rab1 {[%clk 1:09:12]} f6
{[%clk 1:20:18]} 22. Nxc6 {[%clk 1:07:30]} Re8 {[%clk 1:19:47]} 23. b7
{[%clk 1:07:05]} Bd6 {[%clk 1:18:14]} 24. bxa8=Q {[%clk 1:07:04]} Rxa8
{[%clk 1:18:26]} 25. Rb7 {[%clk 1:06:39]} h6 {[%clk 1:17:28]} 26. Rfb1
{[%clk 1:07:03]} Kh7 {[%clk 1:17:19]} 27. Rd7 {[%clk 1:06:32]} Ra6
{[%clk 1:16:50]} 28. Rxd6 {[%clk 1:06:50]} h5 {[%clk 1:17:02]} 29. Rxe6
{[%clk 1:06:58]} Kg6 {[%clk 1:16:20]} 30. Ne5+ {[%clk 1:06:58]} Kh7
{[%clk 1:16:18]} 31. Rxa6 {[%clk 1:07:14]} fxe5 {[%clk 1:15:26]} 32. dxe5
{[%clk 1:07:23]} a4 {[%clk 1:15:39]} 33. e6 {[%clk 1:07:42]} Kg8 {[%clk 1:15:55]}
34. Rb8+ Kh7 {[%clk 1:16:11]} 35. e7 {[%clk 1:07:56]} d4 {[%clk 1:16:14]} 36.
e8=Q {[%clk 1:07:54]} dxc3 {[%clk 1:16:19]} 37. Qxh5# 1-0

[Event "MSR2018s4"]
[Site "?"]
[Date "2018.04.23"]
[Round "4.5"]
[White "Strapec, Lukas"]
[Black "Hudak, Michal"]
[Result "1-0"]
[BlackElo "1031"]
[WhiteElo "1201"]
[LiveChessVersion "1.4.8"]

1. Nf3 {[%clk 1:30:30]} f5 {[%clk 1:29:11]} 2. c4 {[%clk 1:29:15]} Nf6
{[%clk 1:28:08]} 3. b3 {[%clk 1:26:19]} e6 {[%clk 1:23:37]} 4. Bb2
{[%clk 1:21:12]} Be7 {[%clk 1:23:12]} 5. d4 {[%clk 1:17:21]} b6 {[%clk 1:21:36]}
6. g3 {[%clk 1:16:28]} Bb7 {[%clk 1:21:45]} 7. Bg2 {[%clk 1:13:27]} d6
{[%clk 1:22:00]} 8. O-O {[%clk 1:12:23]} O-O {[%clk 1:21:48]} 9. Nbd2
{[%clk 1:05:25]} Qe8 {[%clk 1:22:01]} 10. Qc2 {[%clk 0:59:19]} h6
{[%clk 1:18:26]} 11. Rac1 {[%clk 0:57:18]} Nbd7 {[%clk 1:15:29]} 12. Qc3
{[%clk 0:50:44]} g5 {[%clk 1:12:30]} 13. d5 {[%clk 0:48:06]} exd5
{[%clk 1:09:11]} 14. cxd5 {[%clk 0:46:34]} Nxd5 {[%clk 1:09:17]} 15. Qg7# 1-0

[Event "MSR2018s4"]
[Site "?"]
[Date "2018.04.23"]
[Round "4.6"]
[White "Dolnik, Michal"]
[Black "Elias, Simon"]
[Result "1-0"]
[BlackElo "1036"]
[WhiteElo "1095"]
[LiveChessVersion "1.4.8"]

1. e4 {[%clk 1:30:55]} c5 {[%clk 1:30:49]} 2. Nf3 {[%clk 1:31:14]} d6
{[%clk 1:31:01]} 3. d4 {[%clk 1:31:35]} cxd4 {[%clk 1:31:06]} 4. Nxd4
{[%clk 1:31:52]} Nf6 {[%clk 1:31:22]} 5. Nc3 {[%clk 1:32:11]} Nc6
{[%clk 1:31:17]} 6. Nxc6 {[%clk 1:32:17]} bxc6 {[%clk 1:31:16]} 7. Bc4
{[%clk 1:32:04]} e6 {[%clk 1:31:29]} 8. Qe2 {[%clk 1:29:52]} a6 {[%clk 1:30:24]}
9. Bf4 {[%clk 1:28:08]} Be7 {[%clk 1:30:11]} 10. O-O-O {[%clk 1:27:10]} O-O
{[%clk 1:30:21]} 11. h4 {[%clk 1:27:11]} Re8 {[%clk 1:30:20]} 12. g4
{[%clk 1:27:05]} Bf8 {[%clk 1:30:00]} 13. g5 {[%clk 1:27:16]} Nd7
{[%clk 1:30:00]} 14. h5 {[%clk 1:27:23]} g6 {[%clk 1:29:51]} 15. hxg6
{[%clk 1:27:29]} fxg6 {[%clk 1:29:56]} 16. Rh3 {[%clk 1:27:28]} Nb6
{[%clk 1:29:35]} 17. Bb3 {[%clk 1:26:25]} Bg7 {[%clk 1:29:19]} 18. Rxd6
{[%clk 1:25:30]} Qc7 {[%clk 1:28:39]} 19. Kb1 {[%clk 1:24:51]} Kh8
{[%clk 1:28:47]} 20. Rxe6 {[%clk 1:24:51]} Qf7 {[%clk 1:27:53]} 21. Rxe8+
{[%clk 1:24:23]} Qxe8 {[%clk 1:28:08]} 22. Qe1 {[%clk 1:23:00]} Bxh3
{[%clk 1:28:04]} 23. Qe3 {[%clk 1:22:31]} Bxc3 {[%clk 1:26:41]} 24. Qxc3+
{[%clk 1:22:50]} Qe5 {[%clk 1:24:46]} 25. Bxe5# 1-0

[Event "MSR2018s4"]
[Site "?"]
[Date "2018.04.23"]
[Round "4.7"]
[White "Boba, Kristian"]
[Black "Banas, Samuel"]
[Result "0-1"]
[BlackElo "1063"]
[WhiteElo "1050"]
[LiveChessVersion "1.4.8"]

1. e4 {[%clk 1:30:52]} e6 {[%clk 1:27:12]} 2. Nf3 {[%clk 1:31:09]} d5
{[%clk 1:27:02]} 3. exd5 {[%clk 1:30:51]} exd5 {[%clk 1:27:10]} 4. Qe2+
{[%clk 1:30:53]} Be7 {[%clk 1:26:59]} 5. d4 {[%clk 1:30:17]} Nf6 {[%clk 1:26:50]}
6. g3 {[%clk 1:29:52]} O-O {[%clk 1:26:45]} 7. Bg2 {[%clk 1:30:05]} Re8
{[%clk 1:26:43]} 8. O-O {[%clk 1:30:08]} c5 {[%clk 1:26:33]} 9. dxc5
{[%clk 1:29:49]} Bxc5 {[%clk 1:26:26]} 10. Qd3 {[%clk 1:28:54]} Ne4
{[%clk 1:26:12]} 11. Be3 {[%clk 1:28:18]} Bxe3 {[%clk 1:26:05]} 12. Qxe3
{[%clk 1:28:09]} Nf6 {[%clk 1:25:33]} 13. Qc3 {[%clk 1:25:19]} Bf5
{[%clk 1:24:11]} 14. Rd1 {[%clk 1:24:02]} Nbd7 {[%clk 1:23:31]} 15. Na3
{[%clk 1:23:42]} Rc8 {[%clk 1:20:42]} 16. Qb3 {[%clk 1:23:03]} b6
{[%clk 1:20:51]} 17. Qa4 {[%clk 1:21:02]} a5 {[%clk 1:21:06]} 18. c3
{[%clk 1:20:14]} Nc5 {[%clk 1:20:37]} 19. Qb5 {[%clk 1:20:19]} Bd7
{[%clk 1:20:49]} 20. Qf1 {[%clk 1:16:18]} Nce4 {[%clk 1:19:02]} 21. Rab1
{[%clk 1:15:34]} Bg4 {[%clk 1:18:19]} 22. Qd3 {[%clk 1:13:23]} Bxf3
{[%clk 1:18:04]} 23. Bxf3 {[%clk 1:13:15]} Re5 {[%clk 1:17:45]} 24. Bxe4
{[%clk 1:12:29]} Nxe4 {[%clk 1:17:55]} 25. Re1 {[%clk 1:11:56]} Nc5
{[%clk 1:16:15]} 26. Qd2 {[%clk 1:11:17]} Qe8 {[%clk 1:15:28]} 27. Nc2
{[%clk 1:10:57]} Ne4 {[%clk 1:14:40]} 28. Qd1 {[%clk 1:10:09]} a4
{[%clk 1:13:41]} 29. a3 {[%clk 1:10:14]} Rc7 {[%clk 1:12:58]} 30. Nb4
{[%clk 1:06:59]} Rce7 {[%clk 1:12:32]} 31. Qc2 {[%clk 1:05:25]} Ng5
{[%clk 1:11:44]} 32. Rxe5 {[%clk 1:04:22]} Nf3+ {[%clk 1:11:26]} 33. Kg2
{[%clk 1:03:27]} Nxe5 {[%clk 1:11:11]} 34. Nxd5 {[%clk 1:03:47]} Re6
{[%clk 1:10:35]} 35. Nc7 {[%clk 1:03:57]} Qc6+ {[%clk 1:10:41]} 36. Kg1
{[%clk 1:03:27]} Nf3+ {[%clk 1:10:53]} 37. Kf1 {[%clk 1:02:32]} Nxh2+
{[%clk 1:11:02]} 38. Kg1 {[%clk 1:02:42]} Rf6 {[%clk 1:10:08]} 39. Kxh2
{[%clk 1:02:33]} Rh6+ {[%clk 1:10:30]} 40. Kg1 {[%clk 1:02:28]} Qh1#
{[%clk 1:10:14]} 0-1

[Event "MSR2018s4"]
[Site "?"]
[Date "2018.04.23"]
[Round "4.8"]
[White "Kulich, Filip"]
[Black "Meszaros, Casey Ryan"]
[Result "0-1"]
[BlackElo "1000"]
[WhiteElo "1000"]
[LiveChessVersion "1.4.8"]

1. e4 {[%clk 1:20:30]} e5 {[%clk 1:30:30]} 2. Nf3 {[%clk 1:20:30]} Nc6
{[%clk 1:30:30]} 3. Bb5 {[%clk 1:20:30]} a6 {[%clk 1:30:30]} 4. Ba4
{[%clk 1:20:30]} Nf6 {[%clk 1:30:30]} 5. Bxc6 {[%clk 1:20:41]} dxc6
{[%clk 1:30:51]} 6. c3 {[%clk 1:21:09]} c5 {[%clk 1:28:22]} 7. Qb3
{[%clk 1:21:31]} Nxe4 {[%clk 1:27:16]} 8. Nxe5 {[%clk 1:21:18]} Qe7
{[%clk 1:22:51]} 9. Qa4+ {[%clk 1:21:39]} Bd7 {[%clk 1:22:14]} 10. Nxd7
{[%clk 1:21:58]} Nxc3+ {[%clk 1:22:28]} 11. Ne5+ {[%clk 1:21:22]} Nxa4
{[%clk 1:22:39]} 12. O-O {[%clk 1:21:23]} Qxe5 {[%clk 1:22:25]} 13. d3
{[%clk 1:21:48]} Nxb2 {[%clk 1:22:16]} 14. Bd2 {[%clk 1:22:07]} Nxd3
{[%clk 1:22:21]} 15. Nc3 {[%clk 1:22:11]} O-O-O {[%clk 1:22:23]} 16. f4
{[%clk 1:21:38]} Nxf4 {[%clk 1:22:24]} 17. Bxf4 {[%clk 1:22:04]} Qxc3
{[%clk 1:22:39]} 18. Rac1 {[%clk 1:22:18]} Qd4+ {[%clk 1:22:13]} 19. Kh1
{[%clk 1:21:24]} Bd6 {[%clk 1:23:36]} 20. Rcd1 {[%clk 1:21:40]} Qc4
{[%clk 1:22:43]} 21. Bxd6 {[%clk 1:21:44]} Rxd6 22. Rde1 Re6 {[%clk 1:21:24]} 23.
Rc1 {[%clk 1:21:58]} Rf6 {[%clk 1:21:03]} 24. Rfd1 {[%clk 1:22:06]} Qf4
{[%clk 1:20:28]} 25. h3 {[%clk 1:22:17]} b6 {[%clk 1:20:05]} 26. Kg1
{[%clk 1:22:23]} Kb7 {[%clk 1:19:54]} 27. Rf1 {[%clk 1:22:46]} Qxf1+
{[%clk 1:19:36]} 28. Rxf1 {[%clk 1:23:10]} Rxf1+ {[%clk 1:19:52]} 29. Kxf1
{[%clk 1:23:38]} Re8 {[%clk 1:20:10]} 30. Kf2 {[%clk 1:24:05]} c4
{[%clk 1:20:26]} 31. Kf3 {[%clk 1:24:30]} c3 {[%clk 1:20:49]} 32. Kg3
{[%clk 1:24:49]} c2 {[%clk 1:19:33]} 33. Kh2 {[%clk 1:25:16]} c1=Q 34. Kg3
{[%clk 1:25:25]} Qh1 {[%clk 1:19:30]} 35. Kh4 {[%clk 1:25:20]} Qxg2
{[%clk 1:19:34]} 36. a4 {[%clk 1:25:37]} Re4+ {[%clk 1:19:34]} 37. Kh5
{[%clk 1:25:57]} Qg6# 0-1

[Event "MSR2018s4"]
[Site "?"]
[Date "2018.04.23"]
[Round "4.9"]
[White "Martynek, Filip"]
[Black "Zvoda, Matej"]
[Result "0-1"]
[BlackElo "1000"]
[WhiteElo "1000"]
[LiveChessVersion "1.4.8"]

1. e4 {[%clk 1:30:58]} e5 {[%clk 1:30:53]} 2. Bc4 {[%clk 1:31:19]} Nf6
{[%clk 1:30:56]} 3. Nc3 {[%clk 1:30:44]} Nc6 {[%clk 1:31:03]} 4. Nf3
{[%clk 1:30:11]} Bd6 {[%clk 1:30:43]} 5. O-O {[%clk 1:29:55]} O-O
{[%clk 1:31:01]} 6. d3 {[%clk 1:29:19]} Nd4 {[%clk 1:30:41]} 7. Bg5
{[%clk 1:29:12]} Nxf3+ {[%clk 1:30:35]} 8. Qxf3 {[%clk 1:29:25]} Be7
{[%clk 1:30:17]} 9. Nd5 {[%clk 1:29:13]} Nxd5 {[%clk 1:29:46]} 10. Bxe7
{[%clk 1:29:18]} Nxe7 {[%clk 1:29:51]} 11. c3 {[%clk 1:28:48]} Ng6
{[%clk 1:29:52]} 12. d4 {[%clk 1:28:11]} Nh4 {[%clk 1:30:05]} 13. Qh5
{[%clk 1:28:04]} d5 {[%clk 1:29:26]} 14. Bxd5 {[%clk 1:28:04]} Be6
{[%clk 1:29:13]} 15. Bxe6 fxe6 {[%clk 1:29:15]} 16. Qxe5 {[%clk 1:28:12]} Ng6
{[%clk 1:28:27]} 17. Qxe6+ {[%clk 1:28:17]} Kh8 {[%clk 1:28:05]} 18. Rfe1
{[%clk 1:28:08]} Qh4 {[%clk 1:27:34]} 19. Re3 {[%clk 1:27:47]} Qxf2+
{[%clk 1:26:44]} 20. Kh1 {[%clk 1:27:42]} Qf1+ {[%clk 1:26:42]} 21. Rxf1
{[%clk 1:27:59]} Rxf1# {[%clk 1:27:00]} 0-1

[Event "MSR2018s4"]
[Site "?"]
[Date "2018.04.23"]
[Round "4.10"]
[White "Szczygel, Viktor"]
[Black "Sevcik, Ondrej"]
[Result "0-1"]
[BlackElo "1209"]
[WhiteElo "1000"]
[LiveChessVersion "1.4.8"]

1. e4 {[%clk 1:30:55]} e5 {[%clk 1:30:52]} 2. Nf3 {[%clk 1:31:07]} Nc6
{[%clk 1:31:05]} 3. Nc3 {[%clk 1:31:16]} Nf6 {[%clk 1:31:24]} 4. Bc4
{[%clk 1:31:17]} Bc5 {[%clk 1:31:42]} 5. d3 {[%clk 1:31:50]} h6 {[%clk 1:32:19]}
6. Be3 {[%clk 1:31:18]} Bb6 {[%clk 1:32:35]} 7. O-O {[%clk 1:31:21]} d6
{[%clk 1:32:50]} 8. h3 {[%clk 1:31:14]} O-O {[%clk 1:32:52]} 9. Qe2
{[%clk 1:30:01]} Be6 {[%clk 1:32:19]} 10. Bxe6 {[%clk 1:30:01]} fxe6
{[%clk 1:32:30]} 11. Bxb6 {[%clk 1:28:46]} axb6 {[%clk 1:32:37]} 12. Rad1
{[%clk 1:28:02]} Nd4 {[%clk 1:31:35]} 13. Nxd4 {[%clk 1:27:52]} exd4
{[%clk 1:31:33]} 14. Nb5 {[%clk 1:27:13]} Rxa2 {[%clk 1:31:22]} 15. Nxd4
{[%clk 1:26:54]} Rxb2 {[%clk 1:31:30]} 16. Nxe6 {[%clk 1:26:28]} Qa8
{[%clk 1:31:04]} 17. Nxf8 {[%clk 1:26:31]} Kxf8 {[%clk 1:31:03]} 18. Ra1
{[%clk 1:26:02]} Qe8 {[%clk 1:30:26]} 19. Ra3 {[%clk 1:25:25]} d5
{[%clk 1:27:25]} 20. Rfa1 {[%clk 1:25:19]} Qe7 {[%clk 1:27:21]} 21. Ra8+
{[%clk 1:25:02]} Kf7 {[%clk 1:27:21]} 22. Rc8 {[%clk 1:24:06]} dxe4
{[%clk 1:26:54]} 23. dxe4 {[%clk 1:23:50]} Nxe4 {[%clk 1:27:13]} 24. Ra7
{[%clk 1:23:25]} c6 {[%clk 1:27:13]} 25. Qh5+ {[%clk 1:22:19]} Ke6
{[%clk 1:27:02]} 26. Qg4+ {[%clk 1:21:15]} Kf7 {[%clk 1:27:02]} 27. Ra3
{[%clk 1:21:06]} Qxa3 {[%clk 1:26:37]} 28. Qf4+ {[%clk 1:20:39]} Nf6
{[%clk 1:26:03]} 29. Rc7+ {[%clk 1:20:37]} Kg6 {[%clk 1:26:03]} 30. f3
{[%clk 1:19:34]} Qc5+ {[%clk 1:25:49]} 0-1

[Event "MSR2018s4"]
[Site "?"]
[Date "2018.04.23"]
[Round "4.11"]
[White "Kriska, Alexander"]
[Black "Gobl, Fabian"]
[Result "1/2-1/2"]
[BlackElo "1118"]
[WhiteElo "1000"]
[LiveChessVersion "1.4.8"]

1. e4 {[%clk 1:30:52]} e5 {[%clk 1:30:49]} 2. Nf3 {[%clk 1:31:04]} Nc6
{[%clk 1:30:58]} 3. Bb5 {[%clk 1:30:52]} Qf6 {[%clk 1:30:47]} 4. O-O
{[%clk 1:30:18]} a6 {[%clk 1:30:42]} 5. Ba4 {[%clk 1:30:10]} b5 {[%clk 1:30:48]}
6. Bb3 {[%clk 1:30:09]} Bc5 {[%clk 1:30:40]} 7. d3 {[%clk 1:29:03]} Nge7
{[%clk 1:30:25]} 8. Bg5 {[%clk 1:29:05]} Qd6 {[%clk 1:30:19]} 9. c3
{[%clk 1:27:42]} O-O {[%clk 1:29:02]} 10. Nbd2 {[%clk 1:21:03]} Qxd3
{[%clk 1:28:02]} 11. Bc2 {[%clk 1:10:00]} Qd6 {[%clk 1:28:13]} 12. b4
{[%clk 1:07:11]} Bb6 {[%clk 1:28:21]} 13. Rb1 {[%clk 0:59:17]} h6
{[%clk 1:24:56]} 14. Be3 {[%clk 0:58:34]} Bxe3 {[%clk 1:24:52]} 15. fxe3
{[%clk 0:58:42]} Na7 {[%clk 1:24:07]} 16. Re1 {[%clk 0:50:10]} Re8
{[%clk 1:23:17]} 17. c4 {[%clk 0:48:22]} bxc4 {[%clk 1:22:53]} 18. Nxc4
{[%clk 0:48:28]} Qe6 {[%clk 1:22:50]} 19. h3 {[%clk 0:48:36]} Qxc4
{[%clk 1:22:54]} 20. Rb2 {[%clk 0:46:58]} Bb7 {[%clk 1:22:24]} 21. Nd2
{[%clk 0:43:22]} Qe6 {[%clk 1:21:39]} 22. Bb3 {[%clk 0:39:08]} d5
{[%clk 1:20:14]} 23. exd5 {[%clk 0:38:59]} Bxd5 {[%clk 1:20:18]} 24. e4
{[%clk 0:37:19]} Qb6+ {[%clk 1:19:55]} 25. Kh1 Bxb3 {[%clk 1:19:33]} 26. Nxb3
{[%clk 0:32:06]} Qxb4 {[%clk 1:19:39]} 27. a3 {[%clk 0:29:40]} Qxa3
{[%clk 1:19:52]} 28. Qc2 {[%clk 0:27:43]} c6 {[%clk 1:19:59]} 29. Ra2
{[%clk 0:25:41]} Qb4 {[%clk 1:19:39]} 30. Qd1 {[%clk 0:25:11]} Rad8
{[%clk 1:19:33]} 31. Qb1 {[%clk 0:24:20]} Qc4 {[%clk 1:17:03]} 32. Rc2
{[%clk 0:22:50]} Qd3 {[%clk 1:16:49]} 33. Ree2 {[%clk 0:21:13]} Nb5
{[%clk 1:16:06]} 34. Rcd2 {[%clk 0:19:33]} Qc4 {[%clk 1:15:37]} 35. Rf2
{[%clk 0:18:33]} Na3 {[%clk 1:13:49]} 36. Qb2 {[%clk 0:17:17]} Rxd2
{[%clk 1:13:29]} 37. Nxd2 {[%clk 0:17:22]} Qa4 {[%clk 1:11:48]} 38. Qb3
{[%clk 0:16:40]} Qa5 {[%clk 1:11:24]} 39. Qxf7+ {[%clk 0:15:14]} Kh7
{[%clk 1:10:50]} 40. Qxe8 {[%clk 0:15:10]} Ng8 {[%clk 1:10:41]} 41. Qf8
{[%clk 0:14:06]} Nc4 {[%clk 1:10:43]} 42. Nxc4 {[%clk 0:12:56]} Qe1+
{[%clk 1:10:41]} 43. Kh2 {[%clk 0:13:04]} Qxe4 {[%clk 1:10:26]} 44. Nd2
{[%clk 0:12:20]} Qc2 {[%clk 1:10:06]} 45. Rf3 {[%clk 0:12:29]} Qxd2
{[%clk 1:09:51]} 46. Rg3 {[%clk 0:12:36]} Qd7 {[%clk 1:09:31]} 47. h4
{[%clk 0:11:30]} Qc7 {[%clk 1:07:13]} 48. h5 {[%clk 0:11:32]} e4 {[%clk 1:07:27]}
49. Kh3 {[%clk 0:11:15]} Qe7 {[%clk 1:07:17]} 50. Qf5+ {[%clk 0:10:37]} Kh8
{[%clk 1:07:07]} 51. Re3 {[%clk 0:01:09]} c5 {[%clk 1:06:58]} 52. Rxe4
{[%clk 0:01:22]} Qc7 {[%clk 1:06:52]} 53. Rc4 {[%clk 0:00:33]} Qa5
{[%clk 1:07:03]} 54. Rxc5 {[%clk 0:00:41]} Qa3+ {[%clk 1:07:02]} 55. Kh4
{[%clk 0:29:42]} Qa4+ {[%clk 1:37:38]} 56. Kh3 {[%clk 0:29:38]} Qa3+
{[%clk 1:36:52]} 57. Kh4 {[%clk 0:29:35]} Qe3 {[%clk 1:36:02]} 58. Re5
{[%clk 0:24:56]} Qg5+ {[%clk 1:35:25]} 59. Qxg5 {[%clk 0:24:56]} hxg5+
{[%clk 1:35:34]} 60. Rxg5 {[%clk 0:25:06]} 1/2-1/2

[Event "MSR2018s4"]
[Site "?"]
[Date "2018.04.23"]
[Round "4.12"]
[White "Sun, Martin"]
[Black "Sokolsky, David"]
[Result "1-0"]
[BlackElo "1000"]
[WhiteElo "1000"]
[LiveChessVersion "1.4.8"]

1. e4 {[%clk 1:18:24]} e5 {[%clk 1:30:33]} 2. Nf3 {[%clk 1:18:35]} Nc6
{[%clk 1:30:49]} 3. Nc3 {[%clk 1:18:59]} Nf6 4. Bc4 Bc5 {[%clk 1:30:12]} 5. h3
{[%clk 1:19:26]} O-O 6. d3 d6 {[%clk 1:29:13]} 7. Bg5 {[%clk 1:18:37]} h6
{[%clk 1:29:24]} 8. Bh4 {[%clk 1:17:49]} Nd4 {[%clk 1:27:52]} 9. Qd2
{[%clk 1:16:49]} Nxf3+ {[%clk 1:27:56]} 10. gxf3 {[%clk 1:16:20]} Bb4
{[%clk 1:27:09]} 11. O-O-O Bxc3 {[%clk 1:26:20]} 12. Qxc3 {[%clk 1:15:04]} g5
{[%clk 1:25:01]} 13. Bg3 {[%clk 1:14:37]} Nh5 {[%clk 1:24:39]} 14. Qb3
{[%clk 1:13:38]} Nxg3 15. fxg3 Bd7 {[%clk 1:23:33]} 16. h4 {[%clk 1:13:59]} gxh4
17. gxh4 Qc8 {[%clk 1:23:01]} 18. Rh2 {[%clk 1:13:21]} Bh3 {[%clk 1:22:58]} 19.
Rdh1 {[%clk 1:13:43]} Bg4 {[%clk 1:22:40]} 20. Rg1 a6 21. h5 {[%clk 1:10:36]} b5
{[%clk 1:22:49]} 22. Bd5 {[%clk 1:09:11]} c6 {[%clk 1:22:50]} 23. Bxc6
{[%clk 1:08:59]} Qxc6 24. Rhg2 Rac8 {[%clk 1:21:28]} 25. Rxg4+ {[%clk 1:09:09]}
Kh8 {[%clk 1:21:11]} 26. R1g2 {[%clk 1:08:43]} Qb7 27. Rh2 a5 28. c4 a4
{[%clk 1:18:48]} 29. Qb4 {[%clk 1:08:34]} f5 {[%clk 1:18:18]} 30. exf5
{[%clk 1:08:26]} Rxf5 {[%clk 1:17:43]} 31. Rg3 {[%clk 1:08:26]} Rxf3
{[%clk 1:17:38]} 32. Rxf3 {[%clk 1:08:28]} Qxf3 {[%clk 1:17:40]} 33. Qxb5
{[%clk 1:08:43]} Rf8 {[%clk 1:17:19]} 34. Qxa4 {[%clk 1:08:31]} Qxd3 35. b3 Rf1+
{[%clk 1:15:29]} 36. Kb2 Qb1+ 37. Ka3 Rh1 38. Rxh1 {[%clk 1:05:42]} Qxh1
{[%clk 1:15:10]} 39. Qe8+ {[%clk 1:04:11]} Kg7 {[%clk 1:15:06]} 40. b4 e4 41.
Qg6+ {[%clk 1:01:20]} Kf8 {[%clk 1:15:10]} 42. Qxh6+ Ke8 {[%clk 1:15:37]} 43.
Qg6+ {[%clk 1:01:38]} Kf8 44. h6 Qh3+ {[%clk 1:15:45]} 45. Ka4 e3 46. Qg7+
{[%clk 1:00:21]} Ke8 47. h7 e2 {[%clk 1:15:15]} 48. h8=Q+ Qxh8 49. Qxh8+
{[%clk 0:59:53]} Ke7 {[%clk 1:15:27]} 50. Qh4+ {[%clk 0:59:46]} Ke6 51. Qh3+ Ke5
1-0